Team StarKid cast members - Statistics

General Stats
  • This quiz has been taken 98 times
  • The average score is 29 of 56
Answer Stats
Answer % Correct
Joey Richter
90%
Lauren Lopez
86%
Jeff Blim
83%
Angela Giarratana
76%
Darren Criss
76%
Mariah Rose Faith
76%
Jon Matteson
74%
Meredith Stepien
74%
Brian Holden
71%
Jaime Lyn Beatty
71%
Corey Dorris
69%
Denise Donovan
69%
Dylan Saunders
69%
Joe Walker
69%
Brian Rosenthal
67%
Robert Manion
67%
Curt Mega
64%
Jim Povolo
64%
Rachael Soglin
64%
Joe Moses
62%
Kim Whalen
62%
Nick Lang
62%
A.J. Holmes
60%
Bonnie Gruesen
55%
Bryce Charles
55%
Chris Allen
55%
James Tolbert
52%
Devin Lytle
50%
Jamie Burns
50%
Julia Albain
48%
Lauren Walker
48%
Lily Marks
48%
Ali Gordon
45%
Brant Cox
45%
Kendall Nicole Yakshe
45%
Nick Gage
43%
Tyler Brunsman
43%
Will Branner
43%
Clark Baxtresser
40%
Alex Paul
38%
Britney Coleman
38%
Elona Finlay
38%
Nick Strauss-Matathia
38%
Tiffany Williams
38%
Alle-Faye Monka
36%
Arielle Goldman
36%
Nico Ager
36%
Richard Campbell
33%
Eric Kahn Gale
31%
Evanna Lynch
31%
Sango Tajima
31%
Hamilton Davis
21%
Pat Brady
19%
Virginia Vass
19%
Bob Joles
17%
Janaya Mahealani Jones
17%
No matching quizzes found
Score Distribution
Percent of People with Each Score
Percentile by Number Answered
Your Score History
You have not taken this quiz